00368nam a2200133Ia 4500082001200000100001900012245007400031260003100105300001000136650003700146650001800183650001800201710001500219 aTE.0009 aEzekiel, Nancy 0aModernization and education : The role of secondary school curriculum c1977bUniversity of Bombay a471p. aEDUCATION, SECONDARY - CURRICULA aMODERNIZATION aSOCIAL CHANGE aNarain, D.